| 000 | 00936nam a2200217 a 4500 | ||
|---|---|---|---|
| 003 | OSt | ||
| 005 | 20240412103136.0 | ||
| 008 | 240412s2003 mx ||||| |||| 001 0 spa d | ||
| 040 |
_erda _cCHAP |
||
| 082 | 0 | 0 |
_222 _a630.72 _bA79 |
| 245 | 0 | 0 |
_aArtículos científicos posgrado 2002 / _cpor Coordinación General de Estudios de Posgrado. |
| 250 | _aPrimera edición | ||
| 264 | 1 |
_aChapingo, México : _bUACH., _c2003. |
|
| 300 | _a108 páginas. | ||
| 520 | _aEste compendio contiene los resúmenes en español e inglés de los artículos científicos de las tesis de posgrado durante 2002 por estudiantes de los diferentes programas de maestría y doctorado de la Universidad Autónoma Chapingo. | ||
| 650 | 4 |
_9114563 _aTrabajos científicos _xResúmenes |
|
| 650 | 4 |
_9139359 _aAgricultura _x Investigación |
|
| 650 | 4 |
_9170444 _aUACh _xPosgrado |
|
| 710 | 2 |
_9115848 _aUACH. Coordinación de Estudios de Postgrado |
|
| 942 |
_2ddc _cLIBRO |
||
| 999 |
_c219754 _d219754 |
||